WWE tag teams 2018 - Statistics

General Stats
  • This quiz has been taken 150 times
  • The average score is 5 of 6
Answer Stats
Hint Answer % Correct
Its a ___ ___ yes it is New Day
92%
jimmy and jey Usos
91%
Reigns,Rollins and ambrose Shield
81%
matt and jeff Hardy boys
80%
kane and undertaker Brothers of destruction
78%
axel and dallas B team
71%
No matching quizzes found
Score Distribution
Percent of People with Each Score
Percentile by Number Answered
Your Score History
You have not taken this quiz